Statistics for Middle Eastern Geography By Letter - A

Click here to take the quiz!

General Stats

  • This quiz has been taken 238 times
    (176 since last reset)
  • The average score is 13 of 20

Answer Stats

ClueAnswer% Correct
Dominant ethnic groupArabs
100%
Capital of TurkeyAnkara
99%
Most common languageArabic
99%
Major Egyptian city that is named
for a Greek ruler
Alexandria
94%
Capital of JordanAmman
94%
Largest emirate of the UAEAbu Dhabi
92%
Sea east of OmanArabian Sea
83%
Tallest mountain of TurkeyArarat
83%
Main peninsula of TurkeyAnatolia
80%
Sea Izmir overlooksAegean Sea
77%
Largest Yemeni portAden
74%
Major dam on the NileAswan Dam
74%
Another name for the aboveAsia Minor
41%
Gulf Jordan and Israel borderAqaba
36%
City known as Halab in that languageAleppo
31%
The first true empire of the worldAssyrian
29%
Fifth largest city of TurkeyAdana
24%
Second most spoken language of IranAzerbaijani
22%
What Iran is known to be the land ofAryans
17%
Mountain range in northern IranAlborz
6%

Score Distribution

Percentile by Number Answered

Percent of People with Each Score

Your Score History

You have not taken this quiz since the last reset